000 01157cam a2200277 4500
001 J125883
008 040420n2004 000 0 eng u
035 _a(Sirsi) u125883
041 _aeng
050 _a692.8
_c18
110 _aConstruction Industry Council
_92417
245 _aSupplemental agreement CIC/NovAgr/Ewa
_h[electronic resource]
250 _a1st ed.
260 _aLondon
_bCIC
_c2004
520 _aThe standard form of agreement for use where, following the novation of a consultant from an employer to a design and build contractor, a warranty is to be given by the consultant to the employer. The "Supplemental agreement" is only suitable for use with the CIC "Novation agreement CIC/NovAgr" (ISBN 1898671362).
650 _aSTANDARD FORMS OF AGREEMENT
650 _aCIC/NOVAGR/EWA
650 _aNOVATION
650 _aCONSULTANTS
650 _aWARRANTIES
650 _aEMPLOYERS
650 _aDESIGN AND BUILD CONTRACTORS
690 _aBUILT ENVIRONMENT-BUILDING CONTRACT FORMS
856 _uhttps://www.cic.org.uk/activities/Novation_supplemental.pdf
_zView the "Supplemental agreement" at www.cic.org.uk
942 _n0
999 _c103493
_d103493